00542cam a22001931 4500001001300000003000400013005001700017008004100034010001700075035001900092040003900111042001200150050001800162100002400180245004800204260003800252300004500290650001300335med47000211 DLC20260227111558.0800531m19399999gw ac 000 0 ger c amed47000211  a(OCoLC)6375517 aU.S. Army medical libr.cTxCMdDLC apremarc00aQH308.5b.G661 aGraf, Jakob,d1891-10aBiologie für Oberschule und Gymnasium ... aMünchen [etc.]bLehmann,c1939- a v.billus. (part col.) ports.c22 cm. 0aBiology.